Fr. Conceicao Rodrigues College of Engineering

Introduction to finite elements in Engineering (Record no. 19568)

MARC details
000 -LEADER
fixed length control field 00358nam a2200157Ia 4500
082 ## - DEWEY DECIMAL CLASSIFICATION NUMBER
Classification number 620.0015
Item number CHA
100 ## - MAIN ENTRY--PERSONAL NAME
Personal name Chandrupatla/Tirupathi R
250 ## - EDITION STATEMENT
Edition statement 3
245 ## - TITLE STATEMENT
Title Introduction to finite elements in Engineering
260 ## - PUBLICATION, DISTRIBUTION, ETC.
Name of publisher, distributor, etc. Prentice Hall
Date of publication, distribution, etc. 2002
300 ## - PHYSICAL DESCRIPTION
Extent 453
546 ## - LANGUAGE NOTE
Language note ENGLISH
654 ## - SUBJECT ADDED ENTRY--FACETED TOPICAL TERMS
Focus term finite element
942 ## - ADDED ENTRY ELEMENTS (KOHA)
Koha item type BOOK
Holdings
Withdrawn status Lost status Damaged status Not for loan Collection Home library Current library Date acquired Total Checkouts Full call number Barcode Date last seen Date last checked out Price effective from Koha item type
        CRC Fr. Agnel's C.Rodrigues College of Engineering AGNEL TECHNICAL COLLEGE LIBRARY 17/03/2023 1 620.0015 CHA 13205 21/08/2024 16/08/2024 17/03/2023 BOOK
        CRC Fr. Agnel's C.Rodrigues College of Engineering Fr. Agnel's C.Rodrigues College of Engineering 17/03/2023   620.0015 CHA 13206 17/03/2023   17/03/2023 BOOK